Desigualdade de renda e mudancas recentes na precariedade do emprego na agricultura, indústria e servicos /
محفوظ في:
| المؤلف الرئيسي: | |
|---|---|
| مؤلفون آخرون: | , |
| التنسيق: | نص |
| الوسوم: |
إضافة وسم
لا توجد وسوم, كن أول من يضع وسما على هذه التسجيلة!
|
MARC
| LEADER | 00000 a a2200000 04500 | ||
|---|---|---|---|
| 001 | 46905 | ||
| 003 | |||
| 040 | |||
| 100 | |a Gomes Ney, Marlon | ||
| 245 | |a Desigualdade de renda e mudancas recentes na precariedade do emprego na agricultura, indústria e servicos / |c Marlon Gomes Ney, Paulo Marcelo de Souza, Niraldo José Ponciano | ||
| 700 | |a Souza, Paulo Marcelo de | ||
| 700 | |a Ponciano, Niraldo José | ||
| 773 | |a volumen19, número2, (2011), páginas 314-343 : tablas, gráficos | ||
| 999 | |c 27387 |d 27387 | ||
